000
00325nam a22001457a 4500
008
221222b ||||| |||| 00| 0 eng d
020
_a
9781405105811
041
_a
eng
080
_a
7
082
_a
7LAM
100
_a
19
101
_a
ART
245
_a
AESTHETICS AND THE PHILOSOPHY OF ART
_c
LAMARQUE P
942
_2
udc
_c
BK
999
_c
59225
_d
59225